00527cam a22002171 4500001001300000003000400013005001700017008004100034010001700075025001800092035002000110040002100130050002200151100002600173245003400199260001100233300001900244500001600263500001300279999001700292sa 63004890 DLC20260227111952.0940517s1962 ii 000 1 beno  asa 63004890  aPL480:EP-B-39 a(OCoLC)30451184 aDLCcCUdCUdDLC00aPK1730.12.B27bK31 aAbdullah, Badrunnesa.10aKājaladīghira upakathā. c[1962] a116 p.c22 cm. aIn Bengali. aA novel. c55903d55903